Uruguayan football players by picture - Statistics

General Stats
  • This quiz has been taken 34 times
  • The average score is 9 of 15
Answer Stats
Picture Answer % Correct
Diego Godín
100%
Edinson Cavani
100%
Luis Suárez
100%
Diego Forlán
94%
Federico Valverde
81%
Fernando Muslera
68%
Martín Cáceres
61%
José María Giménez
58%
Rodrigo Bentancur
48%
Enzo Francescoli
45%
Maxi Pereira
42%
Cristhian Stuani
32%
Obdulio Varela
26%
Paolo Montero
16%
José Nasazzi
13%
No matching quizzes found
Score Distribution
Percent of People with Each Score
Percentile by Number Answered
Your Score History
You have not taken this quiz